[Event "ICS unrated standard match"]
[Site "204.178.125.65"]
[Date "2000.02.05"]
[Round "?"]
[White "Ferret"]
[Black "Hossa"]
[Result "1-0"]
[WhiteElo "2724"]
[BlackElo "2253"]
[PlyCount "118"]

1. e4 e5 2. Nf3 Nc6 3. Bc4 Nf6 4. d3 Be7 5. O-O d5 6. exd5 Nxd5 7. Bb5 Bg4 8.
Bxc6+ bxc6 9. h3 Bxf3 10. Qxf3 O-O 11. Nd2 Nb4 12. Qd1 Re8 13. Nc4 Bc5 14. a3
Nd5 15. Qf3 Qd7 16. Re1 f6 17. Bd2 Nb6 18. Na5 Nd5 19. Qg4 Qxg4 20. hxg4 Ne7
21. g5 Bd4 22. Nc4 Rad8 23. a4 a6 24. gxf6 gxf6 25. Kf1 Kf7 26. Ke2 Rg8 27. g3
Ke6 28. Rh1 Rg7 29. Rh5 Nd5 30. c3 Bb6 31. Rah1 Rh8 32. b3 f5 33. Rh6+ Nf6 34.
f4 exf4 35. Bxf4 Re8 36. Ne5 c5 37. Kd2 Rgg8 38. Re1 Ke7 39. a5 Bxa5 40. Nc6+
Kf7 41. Nxa5 Rxe1 42. Kxe1 Kg7 43. Nb7 c4 44. dxc4 Re8+ 45. Kf1 Re4 46. Rh2 Re7
47. Nc5 Ne4 48. Nxa6 c6 49. Nb4 Re6 50. Nc2 Kg8 51. Nd4 Rf6 52. b4 Rg6 53. Nxf5
Rf6 54. g4 Rf8 55. Re2 Nxc3 56. Re7 Nb1 57. Rg7+ Kh8 58. Rg5 Rxf5 59. gxf5 h6
1-0

[Event "ICS rated blitz match"]
[Site "204.178.125.65"]
[Date "2000.02.05"]
[Round "?"]
[White "Hossa"]
[Black "Varguz"]
[Result "0-1"]
[WhiteElo "2436"]
[BlackElo "2737"]
[PlyCount "134"]

1. e4 e5 2. Nf3 Nc6 3. Bc4 Nf6 4. d3 Be7 5. O-O O-O 6. Nc3 d6 7. a3 Bg4 8. Be3
Nd4 9. Bxd4 exd4 10. Nd5 Nxd5 11. Bxd5 c6 12. Bc4 d5 13. exd5 cxd5 14. Bb3 Bf6
15. Re1 Rc8 16. h3 Bh5 17. g4 Bg6 18. Qd2 Qd6 19. Qa5 a6 20. g5 Bh5 21. Qxd5
Qxd5 22. Bxd5 Bxf3 23. Bxf3 Bxg5 24. Re2 a5 25. Rae1 b5 26. Kg2 h6 27. Kg3 Rc5
28. Bb7 Bf6 29. Kg2 Rc7 30. Bf3 Rd8 31. Kg3 Rdc8 32. Bg4 Rf8 33. f3 g6 34. f4
h5 35. Bf3 Kg7 36. h4 Rfc8 37. Rc1 Rc5 38. Bb7 R8c7 39. Bf3 b4 40. axb4 axb4
41. Rg2 b3 42. Bd1 Re7 43. Rf2 Re3+ 44. Kh2 Bxh4 45. Rg2 Be1 46. Rb1 h4 47.
cxb3 Bg3+ 48. Kh1 Bxf4 49. b4 Rh3+ 50. Kg1 Be3+ 51. Kf1 Rf5+ 52. Ke2 Rg3 53.
Rh2 h3 54. Bb3 Rg2+ 55. Rxg2 hxg2 56. Re1 Rf2+ 57. Kd1 Rd2+ 58. Kc1 Re2+ 59.
Kb1 Rxe1+ 60. Ka2 g1=Q 61. Bd5 Qf1 62. b5 Ra1+ 63. Kb3 Qxd3+ 64. Kb4 Qc2 65.
Bc4 d3 66. b6 Ra4+ 67. Kb5 Qxc4# 0-1

[Event "ICS rated blitz match"]
[Site "204.178.125.65"]
[Date "2000.02.05"]
[Round "?"]
[White "Varguz"]
[Black "Hossa"]
[Result "1-0"]
[WhiteElo "2742"]
[BlackElo "2431"]
[PlyCount "87"]

1. d4 Nf6 2. c4 g6 3. Nc3 Bg7 4. e4 d6 5. Nf3 c5 6. Be2 cxd4 7. Nxd4 O-O 8. O-O
Bd7 9. Bg5 Nc6 10. Nf3 Rc8 11. a3 Bg4 12. Rb1 Qa5 13. b4 Qd8 14. Bf4 Nh5 15.
Bd2 f5 16. Ng5 Bxe2 17. Nxe2 Qd7 18. Be3 Nf6 19. exf5 Qxf5 20. b5 Nd8 21. Nd4
Qd7 22. Qb3 e5 23. Ndf3 Qf5 24. h3 e4 25. Nh4 Qe5 26. Rbd1 Nf7 27. f4 Qe7 28.
f5 Nxg5 29. Bxg5 Qe5 30. c5+ Kh8 31. cxd6 Rc3 32. Qe6 Qc5+ 33. Kh2 Qxb5 34. d7
Nxd7 35. Rxd7 Qxf1 36. Qe7 Rxh3+ 37. Kxh3 Qh1+ 38. Kg3 Qe1+ 39. Kh2 Qa1 40. f6
Rg8 41. fxg7+ Qxg7 42. Qxg7+ Rxg7 43. Rd8+ Rg8 44. Bf6# 1-0

[Event "ICS Rated standard match"]
[Site "204.178.125.65"]
[Date "2000.02.05"]
[Round "?"]
[White "Hossa"]
[Black "Grok"]
[Result "0-1"]
[WhiteElo "2253"]
[BlackElo "2206"]
[PlyCount "224"]

1. e4 e5 2. Nf3 Nc6 3. Bb5 a6 4. Ba4 Nf6 5. O-O Be7 6. Bxc6 dxc6 7. Nxe5 Nxe4
8. d3 Nd6 9. Nc3 O-O 10. Re1 Re8 11. Bf4 Be6 12. Qh5 Nb5 13. Nxb5 axb5 14. a3
Qd4 15. Bc1 Bd6 16. c3 Qd5 17. c4 bxc4 18. dxc4 Qd4 19. Nf3 Bxc4 20. Qa5 Rxe1+
21. Qxe1 Qf6 22. Qe3 Bd5 23. Ne1 Be6 24. Nf3 Bg4 25. Ng5 Rd8 26. f3 b6 27. Qe2
Bc5+ 28. Kh1 Qe5 29. Qf1 Bf5 30. Ne4 Bxe4 31. fxe4 Bd6 32. Qg1 Rd7 33. a4 Bc5
34. Qe1 Rd4 35. Bd2 Rxe4 36. Qg3 Qxg3 37. hxg3 Re5 38. g4 Re4 39. Re1 Rxa4 40.
Re8+ Bf8 41. Rc8 Rxg4 42. Bc3 b5 43. Kg1 Rc4 44. Be5 f6 45. Bxc7 Kf7 46. Bg3
Rc2 47. b3 Rc1+ 48. Kh2 Rc3 49. Be1 Bd6+ 50. g3 Rxb3 51. Rxc6 Rb2+ 52. Kh3 Bb4
53. Bxb4 Rxb4 54. Rc7+ Kg6 55. Rb7 Rb1 56. Kg4 h5+ 57. Kf3 b4 58. Kf4 b3 59.
Kf3 b2 60. Kg2 Kh7 61. Rb8 g5 62. Rb7+ Kh6 63. Rb6 Kg6 64. Kh2 h4 65. g4 Kf7
66. Rb3 f5 67. gxf5 Kf6 68. Rb6+ Kxf5 69. Kg2 h3+ 70. Kh2 g4 71. Rb5+ Kf4 72.
Rb4+ Kf3 73. Rf4+ Ke3 74. Ra4 g3+ 75. Kxh3 g2 76. Ra3+ Kd2 77. Ra8 Rh1+ 78.
Kxg2 Rh4 79. Rd8+ Kc2 80. Rb8 Kc3 81. Rc8+ Kb3 82. Re8 Rb4 83. Kf3 Ka2 84. Re2
Ka1 85. Re3 Ra4 86. Kg3 Ka2 87. Re2 Ka1 88. Re3 Kb1 89. Kf3 Ka2 90. Re2 Ka1 91.
Re1+ Ka2 92. Re2 Ka3 93. Re3+ Kb4 94. Re1 Kb3 95. Re3+ Kc4 96. Re1 Ra1 97. Re4+
Kd5 98. Rb4 Rf1+ 99. Ke3 Re1+ 100. Kd2 b1=Q 101. Rxb1 Rxb1 102. Kd3 Rb3+ 103.
Kc2 Ra3 104. Kd2 Ke4 105. Kc2 Rd3 106. Kb2 Kd4 107. Kc2 Kc4 108. Kb2 Rd2+ 109.
Kc1 Kc3 110. Kb1 Rd3 111. Kc1 Kb3 112. Kb1 Rd1# 0-1

[Event "ICS rated blitz match"]
[Site "204.178.125.65"]
[Date "2000.02.06"]
[Round "?"]
[White "Amateur"]
[Black "Hossa"]
[Result "1-0"]
[WhiteElo "2413"]
[BlackElo "2426"]
[PlyCount "145"]

1. e4 e5 2. Nf3 Nc6 3. Bc4 Nf6 4. d3 Be7 5. O-O O-O 6. Re1 d6 7. c3 Bg4 8. h3
Bh5 9. Na3 Na5 10. Qe2 c6 11. b4 Nxc4 12. Nxc4 Ne8 13. Be3 Qc7 14. a4 b6 15.
Rad1 f5 16. exf5 Bf7 17. d4 e4 18. Nfd2 b5 19. axb5 cxb5 20. Na5 d5 21. Qxb5
Nd6 22. Qc5 Rac8 23. Qxc7 Rxc7 24. f6 gxf6 25. Nb1 f5 26. Bf4 Bh5 27. Rd2 Rfc8
28. Ra2 Be8 29. Nb3 Bb5 30. Na3 Be8 31. Nc5 Bc6 32. Nc2 Ra8 33. Ne3 Rcc8 34.
Rea1 Nb5 35. Nxf5 Bf8 36. Rc1 Be8 37. Ra5 a6 38. Nh6+ Bxh6 39. Bxh6 Ra7 40. Bd2
Nc7 41. c4 dxc4 42. Nxe4 Bb5 43. Be3 Ne8 44. Bf4 Rf7 45. Be5 Ra7 46. f4 Re7 47.
Ra3 Kf8 48. d5 Rd7 49. d6 Kf7 50. Rd1 Ra7 51. Rd2 Bd7 52. Bd4 Raa8 53. Nc5 Rd8
54. Be5 Bb5 55. Ne4 Bc6 56. Ng5+ Kg6 57. Ne6 Rdb8 58. d7 Rxb4 59. f5+ Kxf5 60.
Nd4+ Kg5 61. Nxc6 Rb1+ 62. Kf2 Rb6 63. Rg3+ Kf5 64. Ne7+ Kxe5 65. Re3+ Kf4 66.
Nd5+ Kg5 67. Nxb6 Nf6 68. Nxa8 Nxd7 69. Rxd7 Kg6 70. Re6+ Kf5 71. Nc7 h5 72.
Rd5+ Kf4 73. g3# 1-0

[Event "ICS rated blitz match"]
[Site "204.178.125.65"]
[Date "2000.02.06"]
[Round "?"]
[White "Hossa"]
[Black "QueenMaxima"]
[Result "1-0"]
[WhiteElo "2409"]
[BlackElo "2369"]
[PlyCount "85"]

1. e4 e6 2. d4 d5 3. Nc3 c5 4. exd5 exd5 5. Bb5+ Nc6 6. dxc5 a6 7. Qe2+ Be6 8.
Bxc6+ bxc6 9. Be3 Qa5 10. O-O-O Bxc5 11. Bxc5 Qxc5 12. Nf3 Qb4 13. Rd4 Qb7 14.
Ng5 Rb8 15. b3 Qc8 16. Re1 Nh6 17. Nxe6 fxe6 18. Rf4 Ke7 19. Qe5 Rg8 20. Kb1
Rb7 21. Qe3 Rb8 22. Qc5+ Kd7 23. Rf3 Re8 24. Rfe3 Nf5 25. R3e2 Qc7 26. h3 e5
27. Qa3 Nd4 28. Re3 e4 29. Qa4 Nf5 30. Nxd5 Qa7 31. Rxe4 Qxf2 32. Rxe8 Rxe8 33.
Rxe8 Qf1+ 34. Kb2 Kxe8 35. Qxc6+ Kf7 36. Qd7+ Kg6 37. g4 Ng3 38. Qd6+ Kf7 39.
Qxg3 Qe2 40. Qc7+ Kf8 41. Qd6+ Kf7 42. Nc7 Qe3 43. Nxa6 1-0

[Event "ICS rated blitz match"]
[Site "204.178.125.65"]
[Date "2000.02.06"]
[Round "?"]
[White "QueenMaxima"]
[Black "Hossa"]
[Result "0-1"]
[WhiteElo "2355"]
[BlackElo "2423"]
[PlyCount "204"]

1. e4 c5 2. Nf3 d6 3. d4 cxd4 4. Nxd4 Nf6 5. Nc3 Nc6 6. Be2 g6 7. O-O Bg7 8.
Nxc6 bxc6 9. Be3 O-O 10. Qd2 Bb7 11. Rad1 Qa5 12. Bf4 Rfd8 13. Rfe1 Nd7 14. Bh6
Bxc3 15. Qxc3 Qxc3 16. bxc3 Rdb8 17. Bg5 f6 18. Bh6 g5 19. Bc4+ Kh8 20. Rb1 Nc5
21. Bf7 Ba6 22. Rb4 e5 23. f3 Rb6 24. Rd1 Rd8 25. Kf2 Bb5 26. c4 Ba4 27. Rxb6
axb6 28. Rd2 Na6 29. Be6 Nb4 30. c3 Na6 31. Ke3 Nc5 32. Bf7 Nb7 33. Ke2 Ra8 34.
Be6 Re8 35. Bf5 Rb8 36. Bg4 Kg8 37. Be6+ Kh8 38. Ke3 Re8 39. Bf5 Na5 40. Kd3 b5
41. cxb5 Bxb5+ 42. Kc2 Nc4 43. Rf2 Ne3+ 44. Kc1 Ra8 45. Be6 Bc4 46. Bxc4 Nxc4
47. g3 d5 48. h4 gxh4 49. gxh4 d4 50. cxd4 exd4 51. Rc2 Ne5 52. Kb1 Rb8+ 53.
Ka1 Rc8 54. Rc5 d3 55. Kb2 Nxf3 56. Kc3 Rd8 57. Bd2 Rd6 58. h5 Ng1 59. e5 fxe5
60. Rxe5 Ne2+ 61. Kc4 Rd4+ 62. Kc5 Ra4 63. Re3 Rxa2 64. Rxd3 Rc2+ 65. Kb4 Rb2+
66. Kc5 Rb5+ 67. Kxc6 Rxh5 68. Rd8+ Kg7 69. Bb4 Rh1 70. Rd2 Rh6+ 71. Bd6 Re6
72. Kd5 Re3 73. Rb2 h5 74. Be5+ Kg6 75. Rb8 h4 76. Rg8+ Kf5 77. Rf8+ Kg4 78.
Rg8+ Kf3 79. Rf8+ Kg2 80. Rh8 h3 81. Bb8 Re7 82. Rg8+ Kh1 83. Rh8 Re3 84. Be5
Ra3 85. Rh7 Kg2 86. Ke4 Ng3+ 87. Bxg3 Rxg3 88. Rd7 h2 89. Rd2+ Kh3 90. Rxh2+
Kxh2 91. Kf4 Rh3 92. Ke4 Rh5 93. Kf3 Rh4 94. Kf2 Rh3 95. Ke2 Kg1 96. Kd2 Kf2
97. Kc1 Ke3 98. Kc2 Ke2 99. Kb2 Kd2 100. Kb1 Kc3 101. Ka2 Rh1 102. Ka3 Ra1# 0-1

[Event "ICS rated blitz match"]
[Site "204.178.125.65"]
[Date "2000.02.06"]
[Round "?"]
[White "Hossa"]
[Black "QueenMaxima"]
[Result "0-1"]
[WhiteElo "2436"]
[BlackElo "2342"]
[PlyCount "174"]

1. e4 c5 2. Nf3 d6 3. d4 cxd4 4. Nxd4 Nf6 5. Nc3 g6 6. Bc4 Nbd7 7. O-O a6 8.
Qe2 Bg7 9. Bg5 O-O 10. Rad1 Ne5 11. Nd5 Nxd5 12. Bxd5 Nd7 13. Qd2 Nf6 14. Bxf6
Bxf6 15. Qc3 Qb6 16. a4 Qc5 17. Qxc5 dxc5 18. Nb3 e6 19. Bc4 b6 20. c3 Bd8 21.
f4 Bb7 22. e5 Bc6 23. Ra1 Be7 24. Rfd1 g5 25. fxg5 Bxg5 26. Rd6 Rfc8 27. g3 Be7
28. Rdd1 b5 29. Be2 bxa4 30. Na5 Bb5 31. Bd3 c4 32. Be4 Rab8 33. Bf3 Rc7 34.
Rd2 Bc5+ 35. Kg2 Bb6 36. Nb7 Rcxb7 37. Bxb7 Rxb7 38. Kh3 Bc7 39. Re2 Bc6 40.
Kg4 h5+ 41. Kh3 Rb6 42. Rf1 Rb5 43. Rf4 Rc5 44. Ref2 f5 45. Rh4 Be8 46. Rd2 Kf8
47. Rf4 Bxe5 48. Rf3 Ke7 49. Rd1 h4 50. Ra1 Rd5 51. Re3 hxg3 52. hxg3 Bc6 53.
Rae1 Rd8 54. Kh2 Rh8+ 55. Kg1 Be4 56. Rxe4 fxe4 57. Rxe4 Bxg3 58. Rxc4 Rh4 59.
Rc6 a3 60. bxa3 Ra4 61. Kg2 Be5 62. c4 Rxa3 63. c5 Ra5 64. Rc8 Kd7 65. Ra8 Bd4
66. Ra7+ Kc6 67. Ra8 e5 68. Kf3 Kb7 69. Rg8 Rxc5 70. Ke4 a5 71. Rd8 a4 72. Rd7+
Rc7 73. Rd5 Rc1 74. Ra5 Ra1 75. Kd5 a3 76. Ke6 a2 77. Ra4 e4 78. Ra5 e3 79.
Rb5+ Kc6 80. Rb4 e2 81. Rc4+ Bc5 82. Rg4 Rf1 83. Re4 a1=Q 84. Rf4 e1=Q+ 85. Kf7
Qe4 86. Rxf1 Qxf1+ 87. Kg7 Qf8# 0-1

[Event "ICS rated blitz match"]
[Site "204.178.125.65"]
[Date "2000.02.06"]
[Round "?"]
[White "Hossa"]
[Black "QueenMaxima"]
[Result "0-1"]
[WhiteElo "2416"]
[BlackElo "2363"]
[PlyCount "118"]

1. e4 c5 2. Nf3 e6 3. d4 cxd4 4. Nxd4 a6 5. c4 Nf6 6. Nc3 Qc7 7. Bd3 Bb4 8. O-O
Bxc3 9. bxc3 d6 10. Bg5 Nbd7 11. Qf3 Ne5 12. Qg3 Nh5 13. Qh3 h6 14. Bc1 Nf6 15.
Qg3 g6 16. Ba3 b6 17. Rfd1 Bb7 18. Qf4 Nh5 19. Qe3 Nxd3 20. Qxd3 O-O 21. e5
Bxg2 22. Bxd6 Qb7 23. Qe3 Rfc8 24. f3 Bh3 25. Qxh6 Rxc4 26. Rd3 Rac8 27. Kf2
Rxc3 28. Rxc3 Rxc3 29. Rg1 Rc4 30. Qf8+ Kh7 31. Be7 Qd7 32. Qxf7+ Kh8 33. Bf6+
Nxf6 34. Qxf6+ Qg7 35. Qh4+ Qh7 36. Qd8+ Qg8 37. Qxg8+ Kxg8 38. Rxg6+ Kh7 39.
Rg3 Rxd4 40. Rxh3+ Kg6 41. Kg3 b5 42. Rh4 Rxh4 43. Kxh4 a5 44. Kg4 b4 45. Kf4
a4 46. Ke4 a3 47. Kd4 b3 48. axb3 a2 49. Ke4 a1=Q 50. f4 Qh1+ 51. Ke3 Kf5 52.
Kd4 Qxh2 53. Kc3 Qxf4 54. Kd3 Kxe5 55. Kc2 Kd4 56. b4 Kc4 57. Kd1 Kd3 58. Ke1
Qf3 59. b5 Qe2# 0-1

[Event "ICS rated blitz match"]
[Site "204.178.125.65"]
[Date "2000.02.06"]
[Round "?"]
[White "QueenMaxima"]
[Black "Hossa"]
[Result "0-1"]
[WhiteElo "2381"]
[BlackElo "2398"]
[PlyCount "62"]

1. e4 c5 2. Nf3 e6 3. d4 cxd4 4. Nxd4 a6 5. a3 Nf6 6. Nc3 d5 7. e5 Nfd7 8. Bf4
Qc7 9. Qd2 Bc5 10. Nb3 Ba7 11. Nxd5 exd5 12. e6 Ne5 13. exf7+ Kxf7 14. Qxd5+
Kf6 15. Nd2 Bf5 16. Nc4 Nbc6 17. Rd1 Rad8 18. Nd6 Bb8 19. Bg5+ Kxg5 20. f4+ Kf6
21. fxe5+ Nxe5 22. Ne4+ Kg6 23. Qb3 Rxd1+ 24. Kxd1 Bxe4 25. Qg3+ Kf6 26. Qh4+
Kf5 27. Qh3+ Ng4 28. Bd3 Kg5 29. Kc1 Nf2 30. Qe3+ Qf4 31. Re1 Qxe3+ 0-1

[Event "ICS rated blitz match"]
[Site "204.178.125.65"]
[Date "2000.02.06"]
[Round "?"]
[White "Hossa"]
[Black "QueenMaxima"]
[Result "1-0"]
[WhiteElo "2413"]
[BlackElo "2366"]
[PlyCount "137"]

1. e4 c6 2. d4 d5 3. Nc3 dxe4 4. Nxe4 h6 5. Nf3 Bf5 6. Bd3 e6 7. Qe2 g5 8. Be3
Na6 9. Bxa6 Qa5+ 10. c3 Qxa6 11. Qxa6 bxa6 12. Ng3 Bh7 13. Ne5 Rc8 14. Nh5 f6
15. Ng4 Kf7 16. f3 Bg6 17. Ng3 Rb8 18. b3 Ba3 19. Ne2 Ne7 20. O-O Bd3 21. Rfe1
Bb2 22. Rad1 Bxe2 23. Rxe2 Bxc3 24. Nf2 Rhd8 25. Ne4 Bb4 26. Rc1 f5 27. Nc5
Bxc5 28. Rxc5 f4 29. Bf2 Rb5 30. Rc1 Rbd5 31. h4 R5d6 32. Re4 Nf5 33. Rc4 Ke7
34. hxg5 hxg5 35. Ra4 R8d7 36. Kh2 Rd5 37. Rxa6 Kd6 38. Ra4 Rh7+ 39. Kg1 Rb5
40. Be1 Rhb7 41. Bc3 Ne3 42. Bd2 Nd1 43. Re2 Kd7 44. Rc4 Rd5 45. Bc1 Ra5 46.
Rcc2 Rd5 47. Bd2 Ne3 48. Bxe3 fxe3 49. Rc4 Ra5 50. Rc3 Rb4 51. Rd3 Rd5 52.
Rdxe3 Rd6 53. Re5 Rb5 54. Kh2 Rxe5 55. Rxe5 Rxd4 56. Rxg5 Kc7 57. Rg7+ Rd7 58.
Rxd7+ Kxd7 59. g4 e5 60. Kh3 Ke6 61. Kh4 Kf6 62. Kh5 Ke6 63. b4 Ke7 64. g5 a6
65. Kh6 Kf7 66. g6+ Kg8 67. g7 Kf7 68. Kh7 Ke7 69. g8=Q 1-0

[Event "ICS rated blitz match"]
[Site "204.178.125.65"]
[Date "2000.02.06"]
[Round "?"]
[White "QueenMaxima"]
[Black "Hossa"]
[Result "1-0"]
[WhiteElo "2352"]
[BlackElo "2427"]
[PlyCount "95"]

1. e4 c5 2. c3 d5 3. Bb5+ Bd7 4. Bxd7+ Qxd7 5. e5 Qf5 6. d4 Qe4+ 7. Kf1 e6 8.
Nf3 Nc6 9. Kg1 O-O-O 10. Bg5 f6 11. exf6 gxf6 12. Nbd2 Qg4 13. Be3 Nge7 14. h3
Qg7 15. dxc5 Rg8 16. Qf1 e5 17. Nb3 Nf5 18. Rd1 Qg6 19. Rh2 Nxe3 20. fxe3 Qe4
21. Re1 Qa4 22. Nfd2 Qxa2 23. Qxf6 Kb8 24. Rb1 Rg6 25. Qf2 Bh6 26. Nc1 Qa4 27.
Qe1 Rdg8 28. Qe2 Rg3 29. Nf1 Bxe3+ 30. Kh1 Bxc1 31. Nxg3 Bf4 32. Nh5 Bxh2 33.
Kxh2 Qa2 34. Rf1 Rc8 35. Nf6 Rc7 36. Qg4 a5 37. Qg8+ Ka7 38. Nxd5 Nb8 39. Qd8
Rc6 40. Rf8 Ka6 41. Nc7+ Rxc7 42. Qxc7 Qxb2 43. Rxb8 e4 44. Qd7 Qb6 45. cxb6 h6
46. c4 Kxb6 47. Rxb7+ Kc5 48. Qd5# 1-0

[Event "ICS Rated standard match"]
[Site "204.178.125.65"]
[Date "2000.02.06"]
[Round "?"]
[White "JudgeTurpin"]
[Black "Hossa"]
[Result "1/2-1/2"]
[WhiteElo "2355"]
[BlackElo "2235"]
[PlyCount "153"]

1. d4 Nf6 2. a3 d5 3. c4 dxc4 4. Nf3 c5 5. e3 Be6 6. Nbd2 cxd4 7. Nxd4 Bg4 8.
f3 e5 9. Nc2 Be6 10. Bxc4 Bxc4 11. Nxc4 Qxd1+ 12. Kxd1 Nbd7 13. a4 e4 14. Nd4
O-O-O 15. Ke2 Kb8 16. Bd2 h5 17. Nf5 h4 18. Ncd6 Bxd6 19. Nxd6 exf3+ 20. gxf3
Rhf8 21. e4 Ne8 22. Nf5 h3 23. Rhd1 Nef6 24. Bb4 Rg8 25. e5 Nxe5 26. Rxd8+ Rxd8
27. Bd6+ Rxd6 28. Nxd6 Kc7 29. Rd1 Kc6 30. f4 Ng6 31. Nxf7 Nxf4+ 32. Kf3 Ng2
33. Nd8+ Kb6 34. Ne6 Ka5 35. Nxg7 Kxa4 36. Ra1+ Kb3 37. Rxa7 b5 38. Rf7 Nd5 39.
Ke4 Nde3 40. Rf3 Kxb2 41. Rxe3 Nxe3 42. Kxe3 b4 43. Ne6 b3 44. Nd4 Kc3 45. Nf3
b2 46. Nd2 Kc2 47. Ke2 Kc1 48. Kd3 b1=Q+ 49. Nxb1 Kxb1 50. Ke3 Kc2 51. Kf4 Kd3
52. Kg4 Ke4 53. Kxh3 Kf5 54. Kg2 Kg6 55. Kf3 Kf5 56. h3 Kg6 57. h4 Kf5 58. Kg3
Kf6 59. Kg4 Kg7 60. h5 Kh8 61. Kh4 Kh7 62. Kg4 Kh8 63. Kf5 Kg8 64. Kf6 Kh8 65.
Kg6 Kg8 66. Kg5 Kf7 67. h6 Kf8 68. Kh4 Kg8 69. Kg4 Kh7 70. Kh5 Kh8 71. Kg5 Kh7
72. Kf5 Kh8 73. Kf6 Kh7 74. Kg5 Kh8 75. Kg6 Kg8 76. h7+ Kh8 77. Kh6 1/2-1/2

[Event "ICS rated blitz match"]
[Site "204.178.125.65"]
[Date "2000.02.06"]
[Round "?"]
[White "Hossa"]
[Black "Alesha"]
[Result "0-1"]
[WhiteElo "2408"]
[BlackElo "2254"]
[PlyCount "142"]

1. e4 d6 2. d4 e5 3. dxe5 dxe5 4. Qxd8+ Kxd8 5. Nc3 c6 6. Bc4 f6 7. Be3 Nd7 8.
O-O-O Kc7 9. Nge2 b5 10. Bf7 g6 11. f3 Bh6 12. Bxh6 Nxh6 13. Bb3 a5 14. f4 Nc5
15. fxe5 fxe5 16. a3 b4 17. Na2 bxa3 18. bxa3 Nxe4 19. Rhe1 Nc5 20. Ng3 Re8 21.
Nc3 Nf5 22. Nge4 Nxb3+ 23. cxb3 Nd4 24. Nc5 Bg4 25. Rd2 Rad8 26. Kb2 Bf5 27. h3
h5 28. Rdd1 Kb6 29. N5a4+ Kc7 30. Nc5 Kb6 31. N5a4+ Ka7 32. Nc5 Rb8 33. N3a4
Rbd8 34. Nc3 h4 35. Rd2 Kb6 36. N5a4+ Kc7 37. Nc5 Nb5 38. Rxd8 Rxd8 39. Nxb5+
cxb5 40. Rxe5 Rd2+ 41. Kc3 Rxg2 42. Re3 Rg3 43. Kd4 Rxe3 44. Kxe3 Kc6 45. Nd3
Bxd3 46. Kxd3 Kd5 47. Ke3 Ke5 48. Kf3 Kf5 49. Ke3 g5 50. Kf3 g4+ 51. hxg4+ Kg5
52. b4 a4 53. Kf2 Kxg4 54. Kg2 h3+ 55. Kh2 Kh4 56. Kg1 Kg3 57. Kh1 Kf3 58. Kg1
Ke3 59. Kh2 Kd3 60. Kg3 Kc3 61. Kf4 Kb3 62. Ke5 h2 63. Kd6 h1=Q 64. Ke6 Kxa3
65. Ke5 Kxb4 66. Kf5 a3 67. Ke6 a2 68. Kf5 a1=Q 69. Kf4 Qf6+ 70. Ke3 Qe1+ 71.
Kd3 Qfc3# 0-1

[Event "ICS rated blitz match"]
[Site "204.178.125.65"]
[Date "2000.02.06"]
[Round "?"]
[White "Hossa"]
[Black "MissSilicon"]
[Result "1/2-1/2"]
[WhiteElo "2406"]
[BlackElo "2556"]
[PlyCount "247"]

1. d4 Nf6 2. c4 e6 3. Nc3 Bb4 4. e3 b6 5. Nge2 Ba6 6. a3 Bxc3+ 7. Nxc3 d5 8.
Qf3 O-O 9. b4 c6 10. b5 Bb7 11. bxc6 Bxc6 12. cxd5 Nxd5 13. Nxd5 Qxd5 14. Qxd5
Bxd5 15. Bd2 Rc8 16. f3 Nd7 17. Ba6 Rc2 18. Kd1 Rc7 19. Rc1 Rxc1+ 20. Kxc1 f5
21. Kb2 Kf7 22. Rc1 Kg6 23. Bb5 Nf6 24. Rc7 a6 25. Bc6 Rd8 26. Bb4 h6 27. Be7
Rg8 28. Bxf6 gxf6 29. Bxd5 exd5 30. Kc3 h5 31. Kd3 f4 32. e4 dxe4+ 33. fxe4 h4
34. Ke2 Rd8 35. d5 f5 36. Kf3 Re8 37. exf5+ Kxf5 38. Rf7+ Ke5 39. Rxf4 Rh8 40.
Rb4 b5 41. g4 Rf8+ 42. Ke3 Kxd5 43. Rd4+ Kc6 44. h3 Rf1 45. Rd3 Kc5 46. Ke4 Kc4
47. Rd4+ Kb3 48. Rd6 Re1+ 49. Kf5 Re3 50. Rxa6 Rf3+ 51. Kg6 Rxh3 52. Kh5 Rh1
53. Rb6 Kc4 54. Rc6+ Kd4 55. Rd6+ Kc3 56. Rb6 h3 57. Rxb5 Re1 58. Rc5+ Kd3 59.
Rd5+ Ke3 60. Kg6 h2 61. Re5+ Kd2 62. Rh5 h1=Q 63. Rxh1 Rxh1 64. g5 Kc3 65. Kg7
Kd4 66. g6 Rf1 67. Kh7 Ke5 68. g7 Kf6 69. g8=N+ Kf7 70. Nh6+ Kf6 71. Ng8+ Ke5
72. a4 Ra1 73. a5 Rxa5 74. Kg7 Ra6 75. Ne7 Ra7 76. Kf8 Ke6 77. Ng8 Rf7+ 78. Ke8
Rf3 79. Ne7 Ra3 80. Kd8 Ra5 81. Nc6 Rc5 82. Ne7 Rc4 83. Ng6 Rg4 84. Nf8+ Kf7
85. Nd7 Rd4 86. Kc7 Ke6 87. Nc5+ Kd5 88. Nd7 Rc4+ 89. Kb7 Kd6 90. Nb8 Rb4+ 91.
Kc8 Rb2 92. Nd7 Ke7 93. Ne5 Re2 94. Nc6+ Kd6 95. Nb4 Re4 96. Na6 Re7 97. Kd8
Ra7 98. Nb8 Rh7 99. Kc8 Rc7+ 100. Kd8 Rc5 101. Nd7 Rb5 102. Ke8 Rb7 103. Nf8
Re7+ 104. Kd8 Re4 105. Nd7 Ra4 106. Kc8 Rg4 107. Nf6 Rd4 108. Ne8+ Ke7 109. Nc7
Rc4 110. Kb7 Kf6 111. Nd5+ Kg5 112. Kb6 Rc2 113. Kb7 Rc5 114. Ne7 Re5 115. Nc6
Rd5 116. Kb6 Kf4 117. Ne7 Rd7 118. Nc8 Rd2 119. Ne7 Re2 120. Nd5+ Ke5 121. Ne7
Kd6 122. Nc8+ Ke6 123. Kc6 Rc2+ 124. Kb7 1/2-1/2

[Event "ICS rated blitz match"]
[Site "204.178.125.65"]
[Date "2000.02.06"]
[Round "?"]
[White "QueenMaxima"]
[Black "Hossa"]
[Result "1-0"]
[WhiteElo "2386"]
[BlackElo "2413"]
[PlyCount "129"]

1. e4 d6 2. d4 e5 3. dxe5 dxe5 4. Qxd8+ Kxd8 5. Bc4 Be6 6. Bxe6 fxe6 7. Be3 Kc8
8. Ke2 Nf6 9. f3 Nc6 10. Nd2 b6 11. Rd1 Be7 12. Nc4 b5 13. Na3 Bxa3 14. bxa3
Na5 15. Nh3 Nc4 16. Ng5 Nxa3 17. Nxe6 Re8 18. Nxg7 Rg8 19. Bh6 Nxc2 20. Nf5
Nd4+ 21. Kf2 Nxf5 22. exf5 e4 23. Rhe1 Kb7 24. Be3 exf3 25. Kxf3 Rae8 26. Bf4
h5 27. Re6 Rxe6 28. fxe6 Re8 29. Re1 Nd5 30. Re5 c6 31. g3 Nc3 32. a3 Nd5 33.
h4 Nc7 34. Rxh5 Nxe6 35. Be3 Re7 36. g4 Rd7 37. Ke4 Rg7 38. Re5 Nc7 39. g5 Nd5
40. h5 Rf7 41. h6 Rf1 42. h7 Rh1 43. g6 b4 44. axb4 Kc7 45. Kf3 Nf6 46. Kg2 Rh4
47. Bg5 Rxh7 48. Bxf6 Rh6 49. g7 Rg6+ 50. Rg5 Rxg7 51. Rxg7+ Kb6 52. Bd4+ Kb5
53. Rb7+ Kc4 54. Bxa7 Kd5 55. Bc5 Kc4 56. Kf3 Kb3 57. Rc7 Kc3 58. Rxc6 Kb2 59.
Bd4+ Ka3 60. b5 Kb3 61. b6 Kb4 62. b7 Kb5 63. Rc7 Ka4 64. b8=Q Ka3 65. Ra7# 1-0

[Event "ICS rated blitz match"]
[Site "204.178.125.65"]
[Date "2000.02.06"]
[Round "?"]
[White "Hossa"]
[Black "Amateur"]
[Result "0-1"]
[WhiteElo "2395"]
[BlackElo "2430"]
[PlyCount "142"]

1. e4 c6 2. d4 d5 3. Nc3 dxe4 4. Nxe4 Nd7 5. Nf3 Ngf6 6. Nxf6+ exf6 7. Bd3 Nb6
8. O-O Bg4 9. Re1+ Be7 10. Qe2 Na4 11. Qe3 Nb6 12. Nh4 h6 13. c3 Qd6 14. Bf5
Bh5 15. g4 g5 16. Nf3 Bg6 17. Bxg6 fxg6 18. Qe4 Rg8 19. a4 Qd7 20. a5 Nd5 21.
c4 Nc7 22. Kh1 Rg7 23. a6 Nxa6 24. Bd2 O-O-O 25. Kg1 h5 26. h3 hxg4 27. hxg4
Rh7 28. Qe6 Qxe6 29. Rxe6 Nc7 30. Re2 Na6 31. Re6 Rd6 32. Re2 Rd7 33. b4 Bxb4
34. Bxb4 Nxb4 35. Rxa7 Rhe7 36. Ra8+ Kc7 37. Rxe7 Rxe7 38. Rf8 Re6 39. Kf1 Nd3
40. Rf7+ Kb6 41. Rg7 Nf4 42. Rg8 c5 43. d5 Re4 44. Nd2 Re2 45. Nf3 Rc2 46. Rf8
Rxc4 47. Rxf6+ Ka7 48. Ke1 Nxd5 49. Rxg6 Rxg4 50. Rxg5 Rxg5 51. Nxg5 b5 52. Nf7
c4 53. Kd1 Kb6 54. Ne5 Kc5 55. Kc2 b4 56. Kb1 b3 57. Kb2 Kb4 58. Nc6+ Ka4 59.
Nd4 c3+ 60. Kc1 Nf4 61. Kb1 Nd3 62. f4 Nxf4 63. Kc1 Nd3+ 64. Kd1 c2+ 65. Ke2
c1=Q 66. Ne6 b2 67. Kf3 b1=Q 68. Ke4 Qb7+ 69. Kf5 Qf7+ 70. Ke4 Qc4+ 71. Ke3
Qf2# 0-1

[Event "ICS unrated blitz match"]
[Site "204.178.125.65"]
[Date "2000.02.06"]
[Round "?"]
[White "Hossa"]
[Black "Yobes"]
[Result "0-1"]
[WhiteElo "2381"]
[BlackElo "1872"]
[PlyCount "97"]

1. d4 Nf6 2. c4 g6 3. Nc3 Bg7 4. e4 O-O 5. f3 d6 6. Be3 e5 7. d5 Ne8 8. h4 f5
9. h5 f4 10. Bf2 g5 11. h6 Bf6 12. c5 dxc5 13. Bxc5 Be7 14. Bxe7 Qxe7 15. Qb3
Nd6 16. O-O-O Nd7 17. Nh3 b5 18. Qa3 b4 19. Qxb4 Rb8 20. Qa3 Nb6 21. Nf2 Rf7
22. b3 Bb7 23. Rh5 a5 24. Nh3 a4 25. Rxg5+ Kh8 26. Nxa4 Nxa4 27. bxa4 c6 28.
Qc3 cxd5 29. Rxe5 Qf6 30. Qb2 Rff8 31. Qd4 Rfc8+ 32. Kb1 Ba6+ 33. Ka1 Bxf1 34.
Rxd5 Qxd4+ 35. R5xd4 Nc4 36. Nxf4 Ne3 37. R4d2 Nxd1 38. Rxd1 Bc4 39. Nd5 Bxd5
40. exd5 Rc2 41. d6 Rxg2 42. d7 Rd8 43. a5 Kg8 44. a6 Rg6 45. a7 Ra6 46. Rg1+
Kf8 47. Rc1 Rxa7 48. Rc4 Ra6 49. Rf4+ 0-1

[Event "ICS rated blitz match"]
[Site "204.178.125.65"]
[Date "2000.02.06"]
[Round "?"]
[White "Varguz"]
[Black "Hossa"]
[Result "1-0"]
[WhiteElo "2742"]
[BlackElo "2381"]
[PlyCount "99"]

1. e4 c6 2. d4 d5 3. exd5 cxd5 4. c4 Nf6 5. Nc3 e6 6. Nf3 Bb4 7. Qb3 Nc6 8. Bg5
O-O 9. Rd1 Bxc3+ 10. Qxc3 Ne4 11. Bxd8 Nxc3 12. bxc3 Rxd8 13. h3 dxc4 14. Bxc4
a6 15. Bd3 b5 16. a4 bxa4 17. Ra1 Bd7 18. Be4 Rdb8 19. Ne5 Nxe5 20. Bxa8 Nd3+
21. Ke2 Bb5 22. Be4 Nc5+ 23. Ke3 Nxe4 24. Kxe4 Bc6+ 25. Ke3 Bxg2 26. Rhb1 Rxb1
27. Rxb1 h5 28. h4 Bd5 29. Kd3 Bb3 30. c4 a5 31. Kc3 f6 32. f4 Kf7 33. Re1 g6
34. Ra1 Kf8 35. c5 Kf7 36. Kb2 f5 37. c6 Ke7 38. Rc1 Kd8 39. c7+ Kc8 40. Ka3
Bd5 41. Kxa4 Ba2 42. Kxa5 Bd5 43. Kb6 g5 44. hxg5 h4 45. g6 Bb7 46. g7 Kd7 47.
g8=Q Ke7 48. Kxb7 h3 49. c8=Q Kf6 50. Qcd8# 1-0